Democracy and social change in India: a cross- sectional analysis of the national electorate (Record no. 109797)

MARC details
000 -LEADER
fixed length control field 00428nam a2200145Ia 4500
008 - FIXED-LENGTH DATA ELEMENTS--GENERAL INFORMATION
fixed length control field 230917s9999||||xx |||||||||||||| ||und||
040 ## - CATALOGING SOURCE
-- 100786
Original cataloging agency VIVEKANANDA LIBRARY
041 ## - Language
-- English
082 ## - DDC NUMBER
Classification number 320.954 M697D
100 ## - MAIN ENTRY--PERSONAL NAME
Personal name Mitra, Subrata K
245 #0 - TITLE STATEMENT
Title Democracy and social change in India: a cross- sectional analysis of the national electorate
260 ## - PUBLICATION, DISTRIBUTION, ETC. (IMPRINT)
Place of publication, distribution, etc New Delhi
Name of publisher, distributor, etc Sage Publications
Date of publication, distribution, etc 1999
300 ## - PHYSICAL DESCRIPTION
Pages 341 p.
942 ## - ADDED ENTRY ELEMENTS (KOHA)
Koha item type Books
Holdings
Withdrawn status Lost status Damaged status Not for loan Location (home branch) Sublocation or collection (holding branch) Date acquired Koha issues (times borrowed) Koha full call number Accession No. Koha date last seen Koha item type
        VIVEKANANDA LIBRARY VIVEKANANDA LIBRARY 27/02/2004   320.954 M697D 196693 17/09/2023 Books
        VIVEKANANDA LIBRARY VIVEKANANDA LIBRARY 27/02/2004   320.954 M697D 199827 17/09/2023 Books
        VIVEKANANDA LIBRARY VIVEKANANDA LIBRARY 27/02/2004   320.954 M697D 225042 17/09/2023 Books
© Designed and Maintained by Vivekananda Library, MDU Rohtak